000 02069nam a2200385 a 4500
001 C00612690
003 PE-LiUPU
005 20241220084304.0
008 241220b |||||||| |||| 00| 0 spa d
020 _a9786124443428
040 _apelibn
_bspa
_erda
_cPE-LiUPU
_dPE-LiUPU
082 0 4 _a575.460985
_bF383g
_223
100 1 _aFerreira, Cassiana Alves,
_eautor.
245 1 0 _aGuía de anatomía e identificación de 50 especies maderables comerciales en Selva Central, Perú /
_cCassiana Alves Ferreira, Gaby Inga Guillen.
250 _aPrimera edición.
264 3 1 _aHuancayo :
_bUniversidad Continental, Fondo Editorial ;
_c2022.
300 _a163 páginas :
_bilustraciones en color, retratos ;
_c25 cm.
336 _aTexto
_2rdacontent
337 _asin mediación
_2rdamedia
338 _avolumen
_2rdacarrier
504 _aBibliografía: páginas 161-163.
505 _aIntroducción -- Caracterización e identificación de maderas tropicales -- Fichas descriptivas de 50 especies maderables de Selva Central, Perú -- Clave de identificación de 50 especies maderables.
530 _aDisponible también en formato PDF.
650 1 8 _aMadera
_zPerú
_zRegión de la selva
_vAnatomía.
650 2 8 _aMadera
_zPerú
_zRegión de la selva
_vIdentificación.
650 2 8 _aÁrboles maderables
_zPerú
_zRegión de la selva.
700 1 _aInga Guillen, Gaby,
_d1987-,
_eautor.
710 2 _aUniversidad Continental (Huancayo),
_eentidad editora.
710 2 _aPrograma Nacional de Investigación Científica y Estudios Avanzados (Lima),
_eentidad editora.
776 0 _iVersión en línea:
_tGuía de anatomía e identificación de 50 especies maderables comerciales en Selva Central, Perú.
_aHuancayo : Universidad Continental, 2022.
_z(ISBN) 9786124443435
_w(MFN) 638633
942 _2ddc
_cBK
_n0
999 _c62797
_d62796
980 _618226
_aJaime Vilcazán Jefe de Análisis Documental
_818226
_gJaime Vilcazán Jefe de Análisis Documental